[Event "LSS ZL-2022-0-02346"]
[Site "LSS email"]
[Date "2022.01.18"]
[Round "?"]
[White "Gonzalez Castells, Jose Maria"]
[Black "Gonzalez Morales, Eduardo"]
[Result "1-0"]
[WhiteElo "1448"]
[BlackElo "1171"]
[PlyCount "37"]
[EventDate "2021.12.30"]
[EventType "match (corr)"]
[EventRounds "2"]
[EventCountry "GER"]
[SourceTitle "Corr 2024"]
[Source "ChessBase"]
[SourceDate "2023.10.19"]
[SourceVersion "1"]
[SourceVersionDate "2023.10.19"]
[SourceQuality "1"]

1. h3 Nf6 2. d4 g6 3. Nf3 Bg7 4. c4 0-0 5. Nc3 d6 6. e4 e5 7. d5 a5 8. Bd3 Na6 9. 0-0 Nc5 10. Bc2 Nh5 11. Bg5 Qe8 12. Be3 b6 13. Qd2 f5 14. Rae1 fxe4 15. Ng5 Nd3 16. Bxd3 exd3 17. Qxd3 Nf4 18. Qd2 h6 19. Bxf4 1-0

[Event "OP-2020-0-04994"]
[Site "LSS email"]
[Date "2020.07.10"]
[Round "?"]
[White "Gonzalez Morales, Eduardo"]
[Black "Gonzalez Castells, Jose Maria"]
[Result "0-1"]
[WhiteElo "1177"]
[BlackElo "1404"]
[PlyCount "54"]
[EventDate "2020.07.06"]
[EventType "tourn (corr)"]
[EventRounds "4"]
[EventCountry "GER"]
[SourceTitle "Corr 2022"]
[Source "ChessBase"]
[SourceDate "2021.10.24"]
[SourceVersion "1"]
[SourceVersionDate "2021.10.24"]
[SourceQuality "1"]

1. e4 c5 2. Nf3 e6 3. d3 d5 4. Nbd2 Bd6 5. g3 Nc6 6. Bg2 Nge7 7. Qe2 0-0 8. c3 Bc7 9. 0-0 b6 10. Re1 Ba6 11. exd5 exd5 12. b4 cxb4 13. cxb4 Nf5 14. Rb1 Bb5 15. Nf1 Re8 16. Qd1 Rxe1 17. Nxe1 Nce7 18. a4 Bd7 19. Ne3 Nxe3 20. Bxe3 Rc8 21. b5 Be6 22. Nf3 Nf5 23. Bg5 Qd7 24. Bc1 f6 25. Bb2 Bd6 26. Nd4 Nxd4 27. Bxd4 Bf7 0-1

[Event "OP-2016-0-03991"]
[Site "LSS email"]
[Date "2016.03.21"]
[Round "?"]
[White "Firnhaber, Ingo"]
[Black "Gonzalez Morales, Eduardo"]
[Result "1-0"]
[WhiteElo "2405"]
[BlackElo "1312"]
[PlyCount "63"]
[EventDate "2016.03.17"]
[EventType "tourn (corr)"]
[EventRounds "4"]
[EventCountry "GER"]
[SourceTitle "Corr 2022"]
[Source "ChessBase"]
[SourceDate "2021.10.24"]
[SourceVersion "1"]
[SourceVersionDate "2021.10.24"]
[SourceQuality "1"]

1. e4 e6 2. d4 d5 3. Nc3 Bb4 4. e5 c5 5. a3 Bxc3+ 6. bxc3 Ne7 7. Qg4 Qc7 8. Qxg7 Rg8 9. Qxh7 cxd4 10. Ne2 Nbc6 11. f4 Bd7 12. Qd3 dxc3 13. Qxc3 Nf5 14. Rb1 0-0-0 15. Rg1 d4 16. Qd3 Na5 17. g4 Ba4 18. gxf5 Rxg1 19. Nxg1 Bxc2 20. Qb5 Rd5 21. Qb4 Bxf5 22. Bd2 Bxb1 23. Qxb1 Nc4 24. Bxc4 Qxc4 25. Qh7 Rd7 26. Nf3 b6 27. h4 Qd5 28. Kf2 Rc7 29. h5 Kb7 30. h6 f5 31. Qg8 Rc8 32. h7 1-0

[Event "SE-2016-0-00224"]
[Site "LSS email"]
[Date "2016.03.19"]
[Round "?"]
[White "Gonzalez Morales, Eduardo"]
[Black "Obrien, Glenn"]
[Result "0-1"]
[WhiteElo "1312"]
[BlackElo "1389"]
[PlyCount "40"]
[EventDate "2016.02.12"]
[EventType "tourn (corr)"]
[EventRounds "6"]
[EventCountry "GER"]
[SourceTitle "Corr 2022"]
[Source "ChessBase"]
[SourceDate "2021.10.24"]
[SourceVersion "1"]
[SourceVersionDate "2021.10.24"]
[SourceQuality "1"]

1. e4 e5 2. Nf3 Nc6 3. Bb5 a6 4. Bxc6 dxc6 5. 0-0 Bg4 6. h3 h5 7. d3 Qf6 8. Be3 Bxf3 9. Qxf3 Qxf3 10. gxf3 Bd6 11. Nd2 Ne7 12. Kh1 f6 13. Rad1 0-0 14. Nc4 b5 15. Na5 g6 16. c4 Bb4 17. Nb3 bxc4 18. dxc4 Rfb8 19. Rd7 Rb7 20. Nc5 Bxc5 0-1

[Event "SD-2013-0-00171"]
[Site "LSS email"]
[Date "2013.08.01"]
[Round "?"]
[White "Gonzalez Morales, Eduardo"]
[Black "Sternik, Ryszard"]
[Result "0-1"]
[WhiteElo "1399"]
[BlackElo "1661"]
[PlyCount "55"]
[EventDate "2013.06.18"]
[EventType "tourn (corr)"]
[EventRounds "6"]
[EventCountry "GER"]
[SourceTitle "Corr 2022"]
[Source "ChessBase"]
[SourceDate "2021.10.24"]
[SourceVersion "1"]
[SourceVersionDate "2021.10.24"]
[SourceQuality "1"]

1. d4 Nf6 2. Bg5 Ne4 3. Bf4 c5 4. f3 Qa5+ 5. c3 Nf6 6. d5 Qb6 7. Bc1 e6 8. c4 Bd6 9. Nc3 0-0 10. e4 Re8 11. Nge2 exd5 12. Nxd5 Nxd5 13. Qxd5 Be5 14. Rb1 d6 15. Qd3 Nc6 16. b3 f5 17. g3 fxe4 18. fxe4 Bg4 19. Bg2 Rf8 20. Be3 Nb4 21. Qd2 Qa5 22. a4 Nc2+ 23. Kd1 Nxe3+ 24. Qxe3 Bd4 25. Qd2 Qxd2+ 26. Kxd2 Rf2 27. Bf1 Re8 28. h3 0-1

[Event "SD-2013-0-00169"]
[Site "LSS email"]
[Date "2013.07.17"]
[Round "?"]
[White "Gonzalez Morales, Eduardo"]
[Black "Kepinski, Janusz"]
[Result "1-0"]
[WhiteElo "1402"]
[BlackElo "1565"]
[PlyCount "29"]
[EventDate "2013.05.21"]
[EventType "tourn (corr)"]
[EventRounds "6"]
[EventCountry "GER"]
[SourceTitle "Corr 2022"]
[Source "ChessBase"]
[SourceDate "2021.10.24"]
[SourceVersion "1"]
[SourceVersionDate "2021.10.24"]
[SourceQuality "1"]

1. e4 e6 2. d4 d5 3. Nc3 Nf6 4. Bg5 dxe4 5. Nxe4 Be7 6. Bxf6 gxf6 7. Nf3 c6 8. Qd2 b6 9. 0-0-0 Bb7 10. Kb1 f5 11. Neg5 h6 12. Nh3 Nd7 13. Nf4 Qc7 14. Bc4 Bd6 15. Nh5 1-0

[Event "LSS SD-2008-0-00004"]
[Site "LSS email"]
[Date "2008.03.04"]
[Round "?"]
[White "Jovanovic, Bratislav M"]
[Black "Gonzalez Morales, Eduardo"]
[Result "1-0"]
[WhiteElo "1381"]
[BlackElo "1413"]
[PlyCount "65"]
[EventDate "2008.02.23"]
[EventType "tourn (corr)"]
[EventRounds "6"]
[EventCountry "GER"]
[SourceTitle "Corr 2022"]
[Source "ChessBase"]
[SourceDate "2021.10.24"]
[SourceVersion "1"]
[SourceVersionDate "2021.10.24"]
[SourceQuality "1"]

1. e4 e6 2. d4 d5 3. Nd2 Nf6 4. e5 Nfd7 5. Bd3 c5 6. c3 Nc6 7. Ne2 cxd4 8. cxd4 f6 9. Nf4 Nxd4 10. Qh5+ Ke7 11. exf6+ Nxf6 12. Ng6+ hxg6 13. Qxh8 Kf7 14. 0-0 e5 15. Nb3 Nxb3 16. axb3 Bf5 17. Bxf5 gxf5 18. Bg5 Bc5 19. Qh3 Qd7 20. b4 Bb6 21. Bxf6 Kxf6 22. Ra3 g6 23. Qh4+ Ke6 24. Qh6 Rg8 25. Rh3 Qg7 26. Qg5 d4 27. Re1 e4 28. g4 Kf7 29. Kf1 Rh8 30. gxf5 Rxh3 31. Rxe4 Qf6 32. fxg6+ Kg7 33. Re7+ 1-0

[Event "LSS RL-2007-0-00128"]
[Site "LSS email"]
[Date "2007.11.07"]
[Round "?"]
[White "Jovanovic, Bratislav M"]
[Black "Gonzalez Morales, Eduardo"]
[Result "0-1"]
[WhiteElo "1192"]
[BlackElo "1174"]
[PlyCount "76"]
[EventDate "2007.10.31"]
[EventType "tourn (corr)"]
[EventRounds "6"]
[EventCountry "GER"]
[SourceTitle "Corr 2022"]
[Source "ChessBase"]
[SourceDate "2021.10.24"]
[SourceVersion "1"]
[SourceVersionDate "2021.10.24"]
[SourceQuality "1"]

1. e4 e6 2. d4 d5 3. Nd2 Nf6 4. e5 Nfd7 5. Bd3 c5 6. c3 Nc6 7. Ne2 f6 8. exf6 Nxf6 9. 0-0 cxd4 10. cxd4 Bd6 11. Nf3 0-0 12. Bg5 Qb6 13. Qd2 Bd7 14. Rac1 Ne4 15. Qd1 Nb4 16. Bb1 Nxa2 17. Bxa2 Rxf3 18. gxf3 Nxg5 19. f4 Nh3+ 20. Kg2 Nxf4+ 21. Nxf4 Bxf4 22. Rc2 Rf8 23. Re1 Qd8 24. f3 Bd6 25. Kh1 Rf4 26. Bb1 Qf6 27. Rg2 Rxd4 28. Qc2 g6 29. Rf1 e5 30. Qe2 Bh3 31. Rd1 Bxg2+ 32. Kxg2 Qg5+ 33. Kh1 Bc5 34. Ba2 Qe3 35. Qf1 Qf2 36. Rc1 Qxf1+ 37. Rxf1 Kf7 38. Rc1 b6 0-1

[Event "LSS SN-2007-0-00050"]
[Site "LSS email"]
[Date "2007.08.11"]
[Round "?"]
[White "Gonzalez Morales, Eduardo"]
[Black "Albesa, Alfredo"]
[Result "1-0"]
[WhiteElo "800"]
[BlackElo "853"]
[PlyCount "45"]
[EventDate "2007.08.02"]
[EventType "tourn (corr)"]
[EventRounds "6"]
[EventCountry "GER"]
[SourceTitle "Corr 2022"]
[Source "ChessBase"]
[SourceDate "2021.10.24"]
[SourceVersion "1"]
[SourceVersionDate "2021.10.24"]
[SourceQuality "1"]

1. e4 e5 2. f4 exf4 3. Bc4 Qh4+ 4. Kf1 d6 5. Nc3 Be6 6. Qe2 Nd7 7. Bxe6 fxe6 8. Qc4 0-0-0 9. Qxe6 Ngf6 10. Nf3 Qh6 11. Qf5 g6 12. Qa5 a6 13. Ne2 Nh5 14. d3 Be7 15. b4 Qg7 16. Rb1 Bf6 17. b5 Nb8 18. bxa6 Nxa6 19. Nxf4 Nxf4 20. Bxf4 Bc3 21. Qb5 c6 22. Qb6 Rhf8 23. Bh6 1-0

[Event "LSS OP-2007-0-00321"]
[Site "LSS email"]
[Date "2007.06.20"]
[Round "?"]
[White "Gonzalez Morales, Eduardo"]
[Black "Schalkwijk, Peter"]
[Result "1-0"]
[WhiteElo "2030"]
[BlackElo "1425"]
[PlyCount "113"]
[EventDate "2007.06.19"]
[EventType "tourn (corr)"]
[EventRounds "4"]
[EventCountry "GER"]
[SourceTitle "Corr 2022"]
[Source "ChessBase"]
[SourceDate "2021.10.24"]
[SourceVersion "1"]
[SourceVersionDate "2021.10.24"]
[SourceQuality "1"]

1. e4 c5 2. Nf3 Nf6 3. Nc3 d5 4. exd5 Nxd5 5. Bb5+ Bd7 6. Ne5 Nf6 7. Qf3 Qc7 8. Nxd7 Nbxd7 9. d3 a6 10. Bf4 e5 11. Bxd7+ Nxd7 12. Be3 f6 13. 0-0 Bd6 14. Qg4 0-0 15. Qe6+ Rf7 16. Ne4 Be7 17. f4 Nf8 18. Qb3 b5 19. f5 Rb8 20. c4 bxc4 21. Qxc4 Rxb2 22. Qxa6 Rb6 23. Qc4 Rb4 24. Qc2 Nd7 25. Rfc1 Qa7 26. a4 Rb6 27. Rcb1 Bf8 28. Rxb6 Nxb6 29. Qb3 Nd7 30. a5 Nb8 31. Qc4 Kh8 32. Bxc5 Bxc5+ 33. Qxc5 Na6 34. Qxa7 Rxa7 35. Kf2 Kg8 36. Ra4 Nc7 37. d4 exd4 38. Rxd4 Rxa5 39. Rd8+ Kf7 40. Rd7+ Kg8 41. Rxc7 Rxf5+ 42. Kg3 h5 43. Nc5 Re5 44. h3 Kh7 45. Nd7 Rg5+ 46. Kf3 Kh6 47. g3 Rf5+ 48. Ke4 Ra5 49. Rc3 h4 50. g4 Kg6 51. Nc5 Kf7 52. Nb7 Re5+ 53. Kd4 Re1 54. Nd6+ Ke6 55. Nf5 g5 56. Re3+ Rxe3 57. Nxe3 1-0

[Event "LSS OP-2007-0-00321"]
[Site "LSS email"]
[Date "2007.06.19"]
[Round "?"]
[White "Gonzalez Morales, Eduardo"]
[Black "Mueller, Michael"]
[Result "0-1"]
[WhiteElo "2030"]
[BlackElo "800"]
[PlyCount "48"]
[EventDate "2007.06.19"]
[EventType "tourn (corr)"]
[EventRounds "4"]
[EventCountry "GER"]
[SourceTitle "Corr 2022"]
[Source "ChessBase"]
[SourceDate "2021.10.24"]
[SourceVersion "1"]
[SourceVersionDate "2021.10.24"]
[SourceQuality "1"]

1. e4 e5 2. f4 exf4 3. Bc4 Nf6 4. Nc3 c6 5. Bb3 d5 6. exd5 cxd5 7. d4 Bd6 8. Nf3 0-0 9. 0-0 Nc6 10. Nxd5 Nxd5 11. Bxd5 Bf5 12. c3 Bc7 13. Bxc6 bxc6 14. Ne5 g5 15. Nxc6 Qf6 16. Nb4 Be4 17. Nd3 Rfe8 18. Nc5 Bd5 19. Rf2 Bd6 20. b3 Re7 21. Bb2 Rae8 22. Nd3 f3 23. gxf3 g4 24. Ne5 Bxf3 0-1